Seguridad y comercio en el web. / Garfinkel Simson. [et al.] (Registro nro. 14362)

Detalles MARC
000 -LÍDER
fixed length control field 00657nam a2200169 4500
008 - ELEMENTOS DE LONGITUD FIJA -- INFORMACIÓN GENERAL
fixed length control field 0 1999 0a 000 0MEX
020 ## - NÚMERO INTERNACIONAL NORMALIZADO PARA LIBROS
ISBN 970-10-2142-8
050 ## - SIGNATURA TOPOGRAFICA DE LA BIBLIOTECA DEL CONGRESO (LC)
Número de Clasificación TK5105.59 G37 1999
082 ## - NUMERO DE CLASIFICACION DECIMAL DEWEY
Número de Clasificación 005.8 G231s
100 ## - ASIENTO PRINCIPAL--NOMBRE PERSONAL
Nombre personal Garfinkel Simson
245 ## - TÍTULO
Título Seguridad y comercio en el web. / Garfinkel Simson. [et al.]
260 ## - PUBLICACIÓN, DISTRIBUCIÓN, ETC. (PIE DE IMPRENTA)
Lugar de publicación, distribución, etc. México : McGraw-Hill
300 ## - DESCRIPCIÓN FÍSICA
Extensión 483 p. il. / 24 cm.
500 ## - NOTA GENERAL
Nota general Incluye, contenido.
650 ## - ASIENTO SECUNDARIO DE MATERIA - TERMINO TEMÁTICO
Término temático o nombre geográfico como elemento de entrada 1.- REDES DE COMPUTADORAS -MEDIDAS DE SEGURIDAD. 2.- WORLD WIDE WEB - MEDIDAD DE SEGURIDAD. 3.- SITIOS WEB - MEDIDAS DE SEGURIDAD. 4.- COMERCIO ELECTRONICO - MEDIDAS DE SEGURIDAD.
700 ## - ASIENTO SECUNDARIO - NOMBRE PERSONAL
Nombre personal Spafford Gene.
Existencias
No. biblioteca No. biblioteca Número de clasificación Código de barras/Número de adquisición Número de copia Tipo de material
LUIS G. INCLAN LUIS G. INCLAN 005.8 G231s 39518 1 Libros
LUIS G. INCLAN LUIS G. INCLAN 005.8 G231s 39519 2 Libros
Calzada Tecnológico # 27, Zacatepec, Morelos.
01(734) 343-07-23 / 343-21-10 / 343-21-11
Apdo. Postal 45 C.P 62780